| Tag |
First Indicator |
Second Indicator |
Subfields |
| LEADER |
00000cam a2200000 4500 |
| 001 |
in00000064098 |
| 005 |
20151008051200.0 |
| 008 |
700323s1970 ilu b 00110 eng |
| 010 |
|
|
|a 79077929
|
| 035 |
|
|
|a (OCoLC)00063147
|
| 035 |
|
|
|9 AAG6264AM
|
| 040 |
|
|
|a DLC
|c DLC
|d TXA
|d UtOrBLW
|
| 049 |
|
|
|a TXAM
|c 1 [531909]
|
| 050 |
0 |
0 |
|a RC642
|b .K37
|
| 060 |
|
0 |
|a WH 325 K19h 1970
|
| 082 |
0 |
|
|a 616.1/57
|
| 100 |
1 |
|
|a Katz, Alfred H.
|q (Alfred Hyman),
|d 1916-
|
| 245 |
1 |
0 |
|a Hemophilia ;
|b a study in hope and reality /
|c by Alfred H. Katz.
|
| 264 |
|
1 |
|a Springfield, Ill. :
|b C. C. Thomas,
|c [1970]
|
| 300 |
|
|
|a x, 159 pages ;
|c 24 cm.
|
| 336 |
|
|
|a text
|b txt
|2 rdacontent
|
| 337 |
|
|
|a unmediated
|b n
|2 rdamedia
|
| 338 |
|
|
|a volume
|b nc
|2 rdacarrier
|
| 504 |
|
|
|a Bibliography: pages 155-156.
|
| 650 |
|
0 |
|a Hemophilia.
|
| 650 |
|
2 |
|a Hemophilia A.
|
| 650 |
|
2 |
|a Hemophilia A
|x rehabilitation.
|
| 999 |
|
|
|a MARS
|
| 999 |
f |
f |
|s de872913-440a-34a7-a67d-b3d2ab3cdaec
|i e228682c-1bf1-3837-ada4-adbefd914ece
|t 0
|
| 952 |
f |
f |
|p normal
|a Texas A&M University
|b College Station
|c Sterling C. Evans Library
|d Evans: Library Stacks
|t 0
|e RC642 .K37
|h Library of Congress classification
|i unmediated -- volume
|m A14805124652
|
| 998 |
f |
f |
|a RC642 .K37
|t 0
|l Evans: Library Stacks
|